| 000 | 01341nam a2200241Ia 4500 | ||
|---|---|---|---|
| 003 | Ost | ||
| 005 | 20260507075038.0 | ||
| 008 | 260507s9999||||xx |||||||||||||| ||und|| | ||
| 040 | _cfsecg | ||
| 041 | _aara | ||
| 082 | _a330 | ||
| 100 |
_aراضي، محمد سامي _eمؤلف |
||
| 245 | 0 |
_aالمدخل الحديث في إعداد واستخدام الموازنات / _c محمد سامي راضي |
|
| 260 |
_aالاسكندرية: _bالدار الجامعية, _c2001 |
||
| 300 |
_a348 صفحة؛ _bإيضاحات ؛ _c24 سم |
||
| 504 | _aببلوغرافيا ص.345 | ||
| 520 | _aالإطار العام للموازنات-موازنة المبيعات-موازنة الانتاج-موازنة الاحتياجات من المواد الأولية وموازنة المشتريات-موازنة الأجور-موازنة المصروفات غير المباشرة-موازنة الانفاق الرأسمالي-موازنة نتائج الأعمال-موازنة التدفق النقدي-موازنة قائمة المركز المالي-الرقابة باستخدام الموازنات-الجوانب السلوكية للموازنات | ||
| 653 | _aالأجور | ||
| 653 | _aالإنتاج | ||
| 653 | _aالميزانية | ||
| 700 |
_aحجازي، وجدي حامد _eمؤلف ثانوي |
||
| 942 | _cكتاب | ||
| 999 |
_c42475 _d42475 |
||